01009 2200373 4500001002100000005001500021035002500036020002200061040001700083082001500100090002100115090002100136090002000157100002600177245005100203250003400254260003300288300002500321650002200346700000900368850001200377084001700389041000800406504003300414008004100447990002100488990001800509990001800527990001800545990001800563990001800581990001800599990001800617INLIS00000000001948220181122081517 a0010-041600000000486 a978-602-391-082-3 aYOPDYOGbind04223a808.81 aDEP 808.81 AGU z aCB-D.11 2016-003 aPK 808.81 AGU z0 aAgus Nur Cahyod1986-1 aZaman gendheng /cAgus Nur Cahyo; editor, Dias aCetakan Pertama, Januari 2016 aYogyakarta :bIRCiSoD,c2016 a212 halaman ;c20 cm 4aSajak--xKumpulan0 aDias aYOPDYOG a808.81 AGU z0 aind aBibliografi: halaman 207-210160427s2016 yoi g | ind d aCB-D.11/2016-003 a33310-PD/B.18 a33311-PD/B.18 a33312-PD/B.18 a33313-PD/B.18 a33314-PD/B.18 a33315-PD/B.18 a33316-PD/B.18